[Event "2014 IM Norm Tournament"]
[Site "?"]
[Date "2014.11.21"]
[Round "2.1"]
[White "Young, Angelo"]
[Black "Burnett, Ronald"]
[Result "1/2-1/2"]
[LiveChessVersion "1.4.4"]
[BlackElo "2358"]
[WhiteElo "2300"]

1. d4 {[%clk 1:30:57]} Nf6 {[%clk 1:30:46]} 2. Nf3 {[%clk 1:31:24]} g6
{[%clk 1:30:57]} 3. c4 {[%clk 1:29:32]} c6 {[%clk 1:30:19]} 4. Nc3
{[%clk 1:22:31]} d5 {[%clk 1:30:35]} 5. e3 {[%clk 1:18:16]} Bg7 {[%clk 1:30:35]}
6. Bd2 {[%clk 1:07:05]} O-O {[%clk 1:30:17]} 7. Qb3 {[%clk 1:05:24]} a6
{[%clk 1:27:12]} 8. a4 {[%clk 1:00:22]} b6 {[%clk 1:21:10]} 9. h3
{[%clk 0:56:38]} Bb7 {[%clk 1:21:05]} 10. c5 {[%clk 0:49:16]} Nbd7
{[%clk 1:21:15]} 11. Be2 {[%clk 0:45:21]} a5 {[%clk 1:19:13]} 12. O-O
{[%clk 0:44:30]} Ba6 {[%clk 1:17:02]} 13. cxb6 {[%clk 0:42:43]} Bxe2
{[%clk 1:16:08]} 14. Nxe2 {[%clk 0:42:54]} Nxb6 {[%clk 1:16:30]} 15. Qc2
{[%clk 0:40:14]} Ne4 {[%clk 1:16:11]} 16. Rfc1 {[%clk 0:31:20]} e6
{[%clk 1:04:38]} 17. Be1 {[%clk 0:30:13]} c5 {[%clk 1:00:31]} 18. dxc5
{[%clk 0:30:11]} Rc8 {[%clk 0:59:47]} 19. c6 {[%clk 0:28:36]} Nc4
{[%clk 0:59:30]} 20. Ned4 {[%clk 0:28:51]} Qb6 {[%clk 0:56:28]} 21. b3
{[%clk 0:25:30]} Ncd6 {[%clk 0:56:20]} 22. b4 {[%clk 0:20:41]} axb4
{[%clk 0:54:55]} 23. Rab1 {[%clk 0:19:14]} Qa6 {[%clk 0:51:32]} 24. Bxb4
{[%clk 0:18:54]} Rfe8 {[%clk 0:51:35]} 25. Bxd6 {[%clk 0:16:19]} Nxd6
{[%clk 0:51:32]} 26. Nb5 {[%clk 0:16:22]} Nc4 {[%clk 0:51:19]} 27. c7
{[%clk 0:16:31]} Bf8 {[%clk 0:50:03]} 28. Qd1 {[%clk 0:07:11]} Ra8
{[%clk 0:47:53]} 29. Nfd4 {[%clk 0:04:58]} Rec8 {[%clk 0:46:14]} 30. e4
{[%clk 0:04:26]} Qxa4 {[%clk 0:34:58]} 31. exd5 {[%clk 0:04:37]} Qxd1+
{[%clk 0:29:49]} 32. Rxd1 {[%clk 0:04:57]} exd5 {[%clk 0:30:14]} 33. Nc6
{[%clk 0:05:04]} Na3 {[%clk 0:29:44]} 34. Nxa3 {[%clk 0:04:25]} Rxc7
{[%clk 0:29:02]} 35. Nd4 {[%clk 0:01:17]} Bxa3 {[%clk 0:29:19]} 36. Ra1
{[%clk 0:01:18]} Ra5 1/2-1/2

[Event "2014 IM Norm Tournament"]
[Site "?"]
[Date "2014.11.21"]
[Round "2.2"]
[White "De Rosa, Mariagrazia"]
[Black "Aripov, Iskandar"]
[Result "0-1"]
[LiveChessVersion "1.4.4"]
[BlackElo "2225"]
[WhiteElo "2126"]

1. d4 {[%clk 1:30:57]} d5 {[%clk 1:30:41]} 2. c4 {[%clk 1:31:22]} c6
{[%clk 1:31:07]} 3. Nf3 {[%clk 1:31:45]} Nf6 {[%clk 1:31:32]} 4. e3
{[%clk 1:32:05]} e6 {[%clk 1:31:24]} 5. Nbd2 {[%clk 1:32:24]} Nbd7
{[%clk 1:30:38]} 6. Bd3 {[%clk 1:32:47]} g6 {[%clk 1:27:41]} 7. O-O
{[%clk 1:27:00]} Bg7 {[%clk 1:27:54]} 8. e4 {[%clk 1:22:00]} dxe4
{[%clk 1:25:54]} 9. Nxe4 {[%clk 1:22:25]} Nxe4 {[%clk 1:21:46]} 10. Bxe4
{[%clk 1:22:49]} O-O {[%clk 1:21:02]} 11. Bf4 {[%clk 1:08:58]} Qb6
{[%clk 1:17:05]} 12. Bd6 {[%clk 0:55:03]} Re8 {[%clk 1:11:03]} 13. c5
{[%clk 0:42:27]} Qd8 {[%clk 1:03:00]} 14. Ne5 {[%clk 0:34:56]} f6
{[%clk 0:42:41]} 15. Nc4 {[%clk 0:28:22]} Nf8 {[%clk 0:35:29]} 16. f4
{[%clk 0:19:43]} Bd7 {[%clk 0:33:51]} 17. Qd2 {[%clk 0:17:57]} Bc8
{[%clk 0:22:08]} 18. Rfd1 {[%clk 0:17:47]} Kh8 {[%clk 0:15:28]} 19. Na5
{[%clk 0:16:48]} e5 {[%clk 0:14:30]} 20. dxe5 {[%clk 0:15:38]} Bg4
{[%clk 0:13:53]} 21. Nxb7 {[%clk 0:08:02]} Qc8 {[%clk 0:12:31]} 22. Bxf8
{[%clk 0:06:31]} Rxf8 {[%clk 0:09:51]} 23. Nd6 {[%clk 0:06:29]} Qc7
{[%clk 0:09:37]} 24. exf6 {[%clk 0:05:16]} Bxf6 {[%clk 0:10:03]} 25. Rf1
{[%clk 0:04:45]} Rab8 {[%clk 0:10:07]} 26. Rab1 {[%clk 0:05:00]} Qg7
{[%clk 0:09:16]} 27. Kh1 {[%clk 0:00:35]} Bd7 {[%clk 0:06:41]} 28. Rf2
{[%clk 0:00:32]} Bd4 {[%clk 0:06:50]} 29. Re2 {[%clk 0:00:41]} Bxc5
{[%clk 0:05:47]} 30. b4 {[%clk 0:00:44]} Bg4 {[%clk 0:04:07]} 31. bxc5
{[%clk 0:00:32]} Rxb1+ {[%clk 0:04:33]} 32. Bxb1 {[%clk 0:00:57]} Bxe2
{[%clk 0:04:42]} 33. Qxe2 {[%clk 0:01:05]} Qa1 {[%clk 0:04:50]} 34. Qe4
{[%clk 0:00:32]} Rb8 {[%clk 0:05:11]} 35. h3 {[%clk 0:00:31]} Qxb1+
{[%clk 0:05:16]} 36. Kh2 {[%clk 0:00:41]} Qxe4 {[%clk 0:05:40]} 37. Nxe4
{[%clk 0:01:07]} Rb4 {[%clk 0:05:28]} 38. Nd6 {[%clk 0:00:43]} Rxf4
{[%clk 0:05:41]} 39. Kg3 {[%clk 0:00:48]} Ra4 {[%clk 0:05:56]} 40. Nf7+
{[%clk 0:01:10]} Kg7 {[%clk 0:06:12]} 41. Nd8 {[%clk 0:01:28]} Ra6
{[%clk 0:05:54]} 42. Kf4 {[%clk 0:01:14]} Kf6 {[%clk 0:06:16]} 43. g4
{[%clk 0:00:36]} Ke7 {[%clk 0:06:09]} 44. Nb7 {[%clk 0:01:03]} Rxa2
{[%clk 0:06:28]} 0-1

[Event "2014 IM Norm Tournament"]
[Site "?"]
[Date "2014.11.21"]
[Round "2.3"]
[White "Ross, David"]
[Black "Hua, David"]
[Result "1/2-1/2"]
[LiveChessVersion "1.4.4"]
[BlackElo "2353"]
[WhiteElo "2303"]

1. d4 {[%clk 1:30:52]} Nf6 {[%clk 1:30:55]} 2. Nf3 {[%clk 1:30:42]} e6
{[%clk 1:31:20]} 3. Bg5 {[%clk 1:29:24]} h6 {[%clk 1:30:07]} 4. Bxf6
{[%clk 1:26:15]} Qxf6 {[%clk 1:30:30]} 5. g3 {[%clk 1:25:57]} b6 {[%clk 1:28:01]}
6. Bg2 {[%clk 1:26:16]} Bb7 {[%clk 1:28:28]} 7. c3 {[%clk 1:19:11]} g6
{[%clk 1:27:19]} 8. a4 {[%clk 1:17:58]} a5 {[%clk 1:22:51]} 9. Qc2
{[%clk 1:13:45]} Bg7 {[%clk 1:22:24]} 10. Na3 {[%clk 1:13:28]} d6
{[%clk 1:21:12]} 11. O-O {[%clk 1:12:33]} O-O {[%clk 1:21:37]} 12. Ne1
{[%clk 1:09:46]} Nc6 {[%clk 1:16:41]} 13. f4 {[%clk 1:03:14]} Qe7
{[%clk 1:03:46]} 14. e4 {[%clk 1:02:03]} f5 {[%clk 1:01:49]} 15. exf5
{[%clk 0:54:25]} exf5 {[%clk 0:59:09]} 16. Nb5 {[%clk 0:51:10]} Qf7
{[%clk 0:50:50]} 17. Qd2 {[%clk 0:45:37]} Nd8 {[%clk 0:48:30]} 18. Nd3
{[%clk 0:35:51]} Be4 {[%clk 0:46:01]} 19. Rfe1 {[%clk 0:27:00]} d5
{[%clk 0:34:10]} 20. Ne5 {[%clk 0:26:57]} Bxe5 {[%clk 0:34:29]} 21. dxe5
{[%clk 0:27:16]} Ne6 {[%clk 0:29:28]} 22. b4 1/2-1/2

[Event "2014 IM Norm Tournament"]
[Site "?"]
[Date "2014.11.21"]
[Round "2.4"]
[White "Kavutskiy, Konstantin"]
[Black "Vibbert, Sean"]
[Result "1-0"]
[LiveChessVersion "1.4.4"]
[BlackElo "2316"]
[WhiteElo "2368"]

1. d4 {[%clk 1:30:58]} Nf6 {[%clk 1:30:50]} 2. c4 {[%clk 1:31:23]} c6
{[%clk 1:31:12]} 3. Nf3 {[%clk 1:31:39]} d5 {[%clk 1:31:29]} 4. e3
{[%clk 1:32:03]} Bf5 {[%clk 1:31:36]} 5. Nc3 {[%clk 1:32:29]} e6 {[%clk 1:31:54]}
6. Nh4 {[%clk 1:32:52]} Bg6 {[%clk 1:32:11]} 7. Nxg6 {[%clk 1:33:16]} hxg6
{[%clk 1:32:32]} 8. Bd3 {[%clk 1:33:43]} Nbd7 {[%clk 1:32:19]} 9. O-O
{[%clk 1:34:01]} Bd6 {[%clk 1:32:01]} 10. h3 {[%clk 1:34:26]} dxc4
{[%clk 1:29:31]} 11. Bxc4 {[%clk 1:34:50]} Nb6 {[%clk 1:28:17]} 12. Bb3
{[%clk 1:35:02]} e5 {[%clk 1:25:38]} 13. Qc2 {[%clk 1:30:52]} exd4
{[%clk 1:23:24]} 14. exd4 {[%clk 1:31:09]} Rh5 {[%clk 1:22:17]} 15. Re1+
{[%clk 1:15:46]} Kf8 {[%clk 1:22:27]} 16. Qd3 {[%clk 1:16:06]} Bc7
{[%clk 1:15:44]} 17. g4 {[%clk 0:59:22]} Rh8 {[%clk 1:14:55]} 18. Bg5
{[%clk 0:52:36]} Qd6 {[%clk 1:12:18]} 19. Re5 {[%clk 0:48:29]} Qd7
{[%clk 1:02:46]} 20. Re2 {[%clk 0:33:19]} Qd6 {[%clk 0:56:52]} 21. f4
{[%clk 0:33:43]} Nbd5 {[%clk 0:52:59]} 22. Rae1 {[%clk 0:33:23]} Nxf4
{[%clk 0:48:55]} 23. Bxf4 {[%clk 0:33:16]} Qxf4 {[%clk 0:49:01]} 24. Rf1
{[%clk 0:33:41]} Qh6 {[%clk 0:39:52]} 25. Qc4 {[%clk 0:31:45]} Bh2+
{[%clk 0:35:07]} 26. Rxh2 {[%clk 0:28:52]} Qe3+ {[%clk 0:35:22]} 27. Kh1
{[%clk 0:28:34]} Kg8 {[%clk 0:32:04]} 28. Qxf7+ {[%clk 0:28:10]} Kh7
{[%clk 0:32:26]} 29. Rxf6 {[%clk 0:28:19]} 1-0

[Event "2014 IM Norm Tournament"]
[Site "?"]
[Date "2014.11.21"]
[Round "2.5"]
[White "Brown, Michael"]
[Black "Bobula, Mateusz"]
[Result "1/2-1/2"]
[LiveChessVersion "1.4.4"]
[BlackElo "2368"]
[WhiteElo "2319"]

1. d4 {[%clk 1:30:57]} d5 {[%clk 1:30:23]} 2. c4 {[%clk 1:31:20]} e6
{[%clk 1:30:36]} 3. Nc3 {[%clk 1:31:42]} c5 {[%clk 1:30:20]} 4. cxd5
{[%clk 1:32:03]} exd5 {[%clk 1:30:46]} 5. Nf3 {[%clk 1:32:09]} Nc6
{[%clk 1:31:06]} 6. g3 {[%clk 1:32:11]} Nf6 7. Bg2 Be7 {[%clk 1:30:35]} 8. O-O
{[%clk 1:32:19]} O-O {[%clk 1:31:01]} 9. Bg5 {[%clk 1:32:19]} cxd4
{[%clk 1:30:35]} 10. Nxd4 {[%clk 1:32:39]} h6 {[%clk 1:30:59]} 11. Be3
{[%clk 1:32:29]} Re8 {[%clk 1:31:02]} 12. Rc1 {[%clk 1:31:45]} Bf8
{[%clk 1:30:54]} 13. Nxc6 {[%clk 1:25:39]} bxc6 {[%clk 1:31:23]} 14. Na4
{[%clk 1:23:04]} Bd7 {[%clk 1:31:44]} 15. Bc5 {[%clk 1:19:04]} Bxc5
{[%clk 1:30:28]} 16. Nxc5 {[%clk 1:17:55]} Bg4 {[%clk 1:30:39]} 17. Re1
{[%clk 1:14:28]} Qa5 {[%clk 1:30:44]} 18. h3 {[%clk 1:07:28]} Bh5
{[%clk 1:27:25]} 19. g4 {[%clk 1:02:29]} Bg6 {[%clk 1:26:47]} 20. Qd4
{[%clk 0:59:00]} Rab8 {[%clk 1:19:01]} 21. b3 {[%clk 0:51:04]} h5
{[%clk 1:13:55]} 22. gxh5 {[%clk 0:42:57]} Bxh5 {[%clk 1:13:21]} 23. e3
{[%clk 0:41:16]} Qxa2 {[%clk 1:08:14]} 24. Qc3 {[%clk 0:37:33]} Bg6
{[%clk 1:02:41]} 25. Ra1 {[%clk 0:28:17]} Qc2 {[%clk 1:02:58]} 26. Qxc2
{[%clk 0:27:46]} Bxc2 {[%clk 1:03:26]} 27. Rec1 {[%clk 0:27:01]} Bxb3
{[%clk 1:01:54]} 28. Nxb3 {[%clk 0:26:47]} Rxb3 {[%clk 1:02:23]} 29. Rxc6
{[%clk 0:27:06]} Re7 {[%clk 0:57:36]} 30. Rc8+ {[%clk 0:21:38]} Kh7
{[%clk 0:57:31]} 31. Rc5 {[%clk 0:21:19]} Rd7 {[%clk 0:46:16]} 32. Rca5
{[%clk 0:20:58]} Rbb7 {[%clk 0:44:12]} 33. Rd1 {[%clk 0:18:36]} Kg6
{[%clk 0:44:12]} 34. Bxd5 {[%clk 0:16:25]} Nxd5 {[%clk 0:44:23]} 35. Rdxd5
{[%clk 0:16:22]} Rxd5 {[%clk 0:44:11]} 36. Rxd5 {[%clk 0:16:51]} Kf6
{[%clk 0:44:32]} 37. Kg2 {[%clk 0:16:44]} Ke6 {[%clk 0:44:50]} 38. e4
{[%clk 0:16:47]} Rd7 {[%clk 0:44:52]} 39. Ra5 {[%clk 0:16:58]} Kd6
{[%clk 0:44:40]} 40. f4 {[%clk 0:13:54]} Kc6 {[%clk 0:44:11]} 41. Kf3
{[%clk 0:13:21]} Kb6 {[%clk 0:44:33]} 42. Rg5 {[%clk 0:10:12]} f6
{[%clk 0:34:30]} 43. Rg1 {[%clk 0:10:32]} Re7 {[%clk 0:30:22]} 44. Rb1+
{[%clk 0:10:09]} Kc5 {[%clk 0:30:44]} 45. Ra1 {[%clk 0:09:23]} Kb4
{[%clk 0:30:36]} 46. Rb1+ {[%clk 0:09:05]} Kc3 {[%clk 0:30:43]} 47. Ra1
{[%clk 0:09:20]} Kb4 {[%clk 0:29:39]} 48. Rb1+ {[%clk 0:09:44]} Kc5
{[%clk 0:29:52]} 49. Ra1 {[%clk 0:10:08]} Kb4 {[%clk 0:28:23]} 50. Rb1+
{[%clk 0:10:30]} Kc5 {[%clk 0:28:51]} 1/2-1/2

[Event "2014 IM Norm Tournament"]
[Site "?"]
[Date "2014.11.22"]
[Round "4.1"]
[White "Young, Angelo"]
[Black "De Rosa, Mariagrazia"]
[Result "1-0"]
[LiveChessVersion "1.4.4"]
[BlackElo "2126"]
[WhiteElo "2300"]

1. Nf3 {[%clk 1:30:58]} Nf6 {[%clk 1:30:44]} 2. g3 {[%clk 1:31:12]} g6
{[%clk 1:30:16]} 3. Bg2 {[%clk 1:31:40]} Bg7 {[%clk 1:30:40]} 4. O-O
{[%clk 1:32:05]} O-O {[%clk 1:29:20]} 5. d4 {[%clk 1:32:09]} d6 {[%clk 1:24:30]}
6. c4 {[%clk 1:32:02]} Nc6 {[%clk 1:22:54]} 7. b3 {[%clk 1:32:18]} a6
{[%clk 1:13:55]} 8. Bb2 {[%clk 1:32:20]} Rb8 {[%clk 1:10:47]} 9. d5
{[%clk 1:27:17]} Na5 {[%clk 1:08:16]} 10. e4 {[%clk 1:13:38]} b5 {[%clk 1:06:10]}
11. cxb5 {[%clk 1:05:59]} axb5 {[%clk 1:06:31]} 12. Qc2 {[%clk 1:06:12]} b4
{[%clk 1:05:03]} 13. Rc1 {[%clk 1:03:41]} Ne8 {[%clk 1:02:04]} 14. Bxg7
{[%clk 1:02:40]} Kxg7 {[%clk 1:02:26]} 15. a3 {[%clk 1:02:13]} e5
{[%clk 0:45:08]} 16. axb4 {[%clk 0:58:38]} Nb7 {[%clk 0:45:28]} 17. Nc3
{[%clk 0:54:33]} Bd7 {[%clk 0:43:57]} 18. Nd2 {[%clk 0:53:10]} f5
{[%clk 0:43:41]} 19. Ra7 {[%clk 0:52:03]} Qf6 {[%clk 0:39:19]} 20. exf5
{[%clk 0:48:29]} gxf5 {[%clk 0:39:13]} 21. Bf1 {[%clk 0:48:19]} Nd8
{[%clk 0:38:01]} 22. b5 {[%clk 0:46:36]} e4 {[%clk 0:37:19]} 23. Ne2
{[%clk 0:41:37]} Bxb5 {[%clk 0:27:33]} 24. Nf4 {[%clk 0:34:04]} Kg8
{[%clk 0:23:17]} 25. Bxb5 {[%clk 0:23:43]} Rxb5 {[%clk 0:23:24]} 26. Ra8
{[%clk 0:24:05]} Qe7 {[%clk 0:18:48]} 27. Nc4 {[%clk 0:20:57]} Rf6
{[%clk 0:17:16]} 28. Ne3 {[%clk 0:20:42]} Qd7 {[%clk 0:13:42]} 29. Qb2
{[%clk 0:19:58]} Rf8 {[%clk 0:11:46]} 30. b4 {[%clk 0:12:11]} Rb7
{[%clk 0:08:24]} 31. Qd4 {[%clk 0:11:32]} Nf7 {[%clk 0:07:30]} 32. Ne6
{[%clk 0:10:32]} Ne5 {[%clk 0:07:54]} 33. Nxf8 {[%clk 0:10:01]} Kxf8
{[%clk 0:08:14]} 34. Kh1 {[%clk 0:08:43]} Qf7 {[%clk 0:07:32]} 35. Qd1
{[%clk 0:04:56]} Nd3 {[%clk 0:06:00]} 36. Rc2 {[%clk 0:05:09]} Rxb4
{[%clk 0:06:10]} 37. Qa1 {[%clk 0:05:09]} Ne5 {[%clk 0:04:23]} 38. Rb2
{[%clk 0:04:39]} Rxb2 {[%clk 0:03:49]} 39. Qxb2 {[%clk 0:05:07]} Qh5
{[%clk 0:00:40]} 40. Qb8 {[%clk 0:04:32]} Nf3 {[%clk 0:00:40]} 41. h4
{[%clk 0:02:36]} f4 {[%clk 0:00:58]} 42. Ng2 {[%clk 0:00:53]} fxg3
{[%clk 0:00:35]} 43. fxg3 {[%clk 0:01:17]} Ne5 {[%clk 0:00:35]} 44. Qb1
{[%clk 0:00:59]} Qf3 {[%clk 0:00:41]} 45. Qe1 {[%clk 0:00:40]} Nd3
{[%clk 0:00:48]} 46. Qe3 {[%clk 0:00:49]} Qd1+ {[%clk 0:00:58]} 47. Kh2
{[%clk 0:01:02]} Qg4 {[%clk 0:00:00]} 48. Qh6+ Qe2 49. Qe3 Qd1 1-0

[Event "2014 IM Norm Tournament"]
[Site "?"]
[Date "2014.11.22"]
[Round "4.2"]
[White "Ross, David"]
[Black "Burnett, Ronald"]
[Result "1/2-1/2"]
[LiveChessVersion "1.4.4"]
[BlackElo "2358"]
[WhiteElo "2303"]

1. Nf3 {[%clk 1:30:56]} Nf6 {[%clk 1:30:48]} 2. d4 {[%clk 1:30:19]} e6
{[%clk 1:31:03]} 3. c4 {[%clk 1:29:09]} b6 {[%clk 1:31:17]} 4. e3
{[%clk 1:27:59]} Bb7 {[%clk 1:31:24]} 5. Bd3 {[%clk 1:28:21]} d5 {[%clk 1:30:51]}
6. cxd5 {[%clk 1:27:51]} exd5 {[%clk 1:31:00]} 7. O-O {[%clk 1:28:01]} Bd6
{[%clk 1:31:17]} 8. Nc3 {[%clk 1:27:31]} O-O {[%clk 1:31:15]} 9. b3
{[%clk 1:26:30]} a6 {[%clk 1:30:56]} 10. Bb2 {[%clk 1:26:52]} Nbd7
{[%clk 1:31:17]} 11. Rc1 {[%clk 1:23:02]} Qe7 {[%clk 1:31:14]} 12. Ne2
{[%clk 1:21:59]} Ne4 {[%clk 1:29:22]} 13. Ng3 {[%clk 1:21:40]} 1/2-1/2

[Event "2014 IM Norm Tournament"]
[Site "?"]
[Date "2014.11.22"]
[Round "4.3"]
[White "Kavutskiy, Konstantin"]
[Black "Aripov, Iskandar"]
[Result "1/2-1/2"]
[LiveChessVersion "1.4.4"]
[BlackElo "2225"]
[WhiteElo "2368"]

1. Nf3 {[%clk 1:30:57]} d5 {[%clk 1:30:51]} 2. d4 {[%clk 1:31:21]} Nf6
{[%clk 1:31:07]} 3. c4 {[%clk 1:31:46]} e6 {[%clk 1:31:17]} 4. e3
{[%clk 1:32:08]} Nbd7 {[%clk 1:30:22]} 5. Bd3 {[%clk 1:31:13]} b6
{[%clk 1:24:31]} 6. Nc3 {[%clk 1:30:28]} Bb7 {[%clk 1:22:14]} 7. O-O
{[%clk 1:30:34]} Be7 {[%clk 1:22:25]} 8. cxd5 {[%clk 1:30:19]} exd5
{[%clk 1:22:19]} 9. b3 {[%clk 1:29:32]} O-O {[%clk 1:21:03]} 10. Bb2
{[%clk 1:28:12]} Ne4 {[%clk 1:15:35]} 11. Ne2 {[%clk 1:27:10]} Bd6
{[%clk 1:13:29]} 12. Ne5 {[%clk 1:22:33]} f6 {[%clk 1:10:40]} 13. Nxd7
{[%clk 1:20:27]} Qxd7 {[%clk 1:11:03]} 14. f3 {[%clk 1:18:17]} Ng5
{[%clk 1:11:18]} 15. h4 {[%clk 1:06:35]} Ne6 {[%clk 1:05:41]} 16. Qc2
{[%clk 1:06:02]} g6 {[%clk 1:00:12]} 17. e4 {[%clk 1:05:40]} Nf4 {[%clk 0:52:45]}
18. e5 {[%clk 0:30:46]} fxe5 {[%clk 0:49:00]} 19. dxe5 {[%clk 0:31:11]} Bc5+
{[%clk 0:45:49]} 20. Kh2 {[%clk 0:31:25]} Bc8 {[%clk 0:39:45]} 21. g4
{[%clk 0:23:24]} Be3 {[%clk 0:32:05]} 22. Nxf4 {[%clk 0:20:19]} Bxf4+
{[%clk 0:28:52]} 23. Kg2 {[%clk 0:20:37]} Qe7 {[%clk 0:27:17]} 24. Rh1
{[%clk 0:20:37]} Be6 1/2-1/2

[Event "2014 IM Norm Tournament"]
[Site "?"]
[Date "2014.11.22"]
[Round "4.4"]
[White "Brown, Michael"]
[Black "Hua, David"]
[Result "1-0"]
[LiveChessVersion "1.4.4"]
[BlackElo "2353"]
[WhiteElo "2319"]

1. d4 {[%clk 1:30:56]} d5 {[%clk 1:30:53]} 2. c4 {[%clk 1:31:20]} e6
{[%clk 1:31:12]} 3. Nc3 {[%clk 1:31:42]} c6 {[%clk 1:31:34]} 4. e3
{[%clk 1:31:57]} Nd7 {[%clk 1:31:52]} 5. Nf3 {[%clk 1:31:50]} f5 {[%clk 1:32:05]}
6. Bd3 {[%clk 1:32:10]} Nh6 {[%clk 1:32:28]} 7. b3 {[%clk 1:29:44]} Bd6
{[%clk 1:32:21]} 8. a4 {[%clk 1:23:22]} Qe7 {[%clk 1:30:20]} 9. Bb2
{[%clk 1:21:03]} O-O {[%clk 1:28:10]} 10. O-O {[%clk 1:18:44]} Rf6
{[%clk 1:25:32]} 11. Ne2 {[%clk 1:13:51]} Nf7 {[%clk 1:24:16]} 12. cxd5
{[%clk 1:09:22]} exd5 {[%clk 1:23:50]} 13. Ng3 {[%clk 1:07:14]} g6
{[%clk 1:21:49]} 14. Qc1 {[%clk 1:01:17]} Qe8 {[%clk 1:06:16]} 15. Ba3
{[%clk 0:57:42]} Bc7 {[%clk 0:55:17]} 16. b4 {[%clk 0:51:24]} a6 {[%clk 0:53:29]}
17. b5 {[%clk 0:48:24]} axb5 {[%clk 0:53:53]} 18. axb5 {[%clk 0:48:45]} Nf8
{[%clk 0:54:09]} 19. Bxf8 {[%clk 0:43:08]} Rxa1 {[%clk 0:54:33]} 20. Qxa1
{[%clk 0:43:35]} Kxf8 {[%clk 0:53:13]} 21. Qa8 {[%clk 0:40:41]} f4
{[%clk 0:45:32]} 22. exf4 {[%clk 0:40:42]} Bxf4 {[%clk 0:45:41]} 23. Re1
{[%clk 0:38:50]} Re6 {[%clk 0:43:18]} 24. Rxe6 {[%clk 0:38:11]} Qxe6
{[%clk 0:42:48]} 25. Ne2 {[%clk 0:37:01]} Bh6 {[%clk 0:36:37]} 26. Nc3
{[%clk 0:29:46]} Ke7 {[%clk 0:34:21]} 27. bxc6 {[%clk 0:27:13]} bxc6
{[%clk 0:25:00]} 28. Na4 {[%clk 0:26:31]} Qd7 {[%clk 0:24:28]} 29. Nb6
{[%clk 0:25:01]} Bb7 {[%clk 0:24:54]} 30. Qb8 {[%clk 0:25:15]} 1-0

[Event "2014 IM Norm Tournament"]
[Site "?"]
[Date "2014.11.22"]
[Round "4.5"]
[White "Bobula, Mateusz"]
[Black "Vibbert, Sean"]
[Result "1/2-1/2"]
[LiveChessVersion "1.4.4"]
[BlackElo "2316"]
[WhiteElo "2368"]

1. d4 {[%clk 1:30:40]} d5 {[%clk 1:30:38]} 2. c4 {[%clk 1:31:04]} c6
{[%clk 1:31:00]} 3. e3 {[%clk 1:31:08]} Nf6 {[%clk 1:31:13]} 4. Nf3
{[%clk 1:30:22]} Bf5 {[%clk 1:31:17]} 5. Bd3 {[%clk 1:30:27]} Bxd3
{[%clk 1:30:41]} 6. Qxd3 {[%clk 1:30:56]} e6 {[%clk 1:29:11]} 7. O-O
{[%clk 1:31:18]} Nbd7 {[%clk 1:29:13]} 8. Nbd2 {[%clk 1:31:38]} Be7
{[%clk 1:27:59]} 9. e4 {[%clk 1:32:00]} dxe4 {[%clk 1:21:46]} 10. Nxe4
{[%clk 1:32:28]} Nxe4 {[%clk 1:21:20]} 11. Qxe4 {[%clk 1:32:56]} O-O
{[%clk 1:20:24]} 12. b3 {[%clk 1:33:16]} Qa5 {[%clk 1:16:58]} 13. Bb2
{[%clk 1:33:16]} Bf6 {[%clk 1:14:22]} 14. Ne5 {[%clk 1:27:38]} Nxe5
{[%clk 1:04:52]} 15. dxe5 {[%clk 1:28:01]} Be7 {[%clk 1:05:07]} 16. Qc2
{[%clk 1:26:18]} Rad8 {[%clk 1:04:29]} 17. Bc3 {[%clk 1:26:29]} Bb4
{[%clk 1:00:15]} 18. Bxb4 {[%clk 1:26:23]} Qxb4 {[%clk 1:00:38]} 19. Rad1
{[%clk 1:26:47]} g6 {[%clk 0:55:12]} 20. f4 {[%clk 1:25:22]} Qa5 {[%clk 0:49:30]}
21. Qf2 {[%clk 1:24:14]} c5 {[%clk 0:47:43]} 22. h3 {[%clk 1:21:48]} Qc7
{[%clk 0:47:13]} 23. Qe2 {[%clk 1:21:54]} b6 {[%clk 0:45:47]} 24. Rf3
{[%clk 1:21:53]} Rxd1+ {[%clk 0:44:12]} 25. Qxd1 {[%clk 1:22:22]} Rd8
{[%clk 0:44:20]} 26. Rd3 {[%clk 1:22:47]} Rxd3 {[%clk 0:44:43]} 27. Qxd3
{[%clk 1:23:15]} Qe7 {[%clk 0:43:20]} 1/2-1/2

[Event "2014 IM Norm Tournament"]
[Site "?"]
[Date "2014.11.23"]
[Round "5.1"]
[White "Vibbert, Sean"]
[Black "Young, Angelo"]
[Result "1/2-1/2"]
[LiveChessVersion "1.4.4"]
[BlackElo "2300"]
[WhiteElo "2316"]

1. e4 {[%clk 1:30:27]} e6 {[%clk 1:30:29]} 2. Nc3 {[%clk 1:30:43]} d5
{[%clk 1:29:22]} 3. d4 {[%clk 1:30:58]} Bb4 {[%clk 1:27:09]} 4. exd5
{[%clk 1:30:04]} exd5 {[%clk 1:25:21]} 5. Bd3 {[%clk 1:30:19]} Ne7
{[%clk 1:23:01]} 6. Qh5 {[%clk 1:28:55]} Qd7 {[%clk 1:12:45]} 7. a3
{[%clk 1:23:54]} Bxc3+ {[%clk 1:11:19]} 8. bxc3 {[%clk 1:24:15]} Qg4
{[%clk 1:11:19]} 9. Qxg4 {[%clk 1:23:46]} Bxg4 {[%clk 1:11:48]} 10. Bf4
{[%clk 1:23:55]} Kd7 {[%clk 1:08:31]} 11. Kd2 {[%clk 1:17:35]} Nbc6
{[%clk 1:06:07]} 12. h3 {[%clk 1:12:43]} Bf5 {[%clk 1:05:43]} 13. Nf3
{[%clk 1:10:37]} f6 {[%clk 1:01:00]} 14. Rhe1 {[%clk 1:10:39]} h5
{[%clk 0:53:05]} 15. Rab1 {[%clk 1:01:31]} Bxd3 {[%clk 0:47:59]} 16. cxd3
{[%clk 1:01:19]} b6 {[%clk 0:47:27]} 17. h4 {[%clk 0:56:28]} Nf5 {[%clk 0:42:44]}
18. Kc2 {[%clk 0:48:20]} Rae8 {[%clk 0:40:29]} 19. g3 {[%clk 0:47:42]} Nd8
{[%clk 0:36:22]} 20. a4 {[%clk 0:45:16]} Rxe1 {[%clk 0:33:12]} 21. Rxe1
{[%clk 0:45:18]} Ne6 {[%clk 0:33:15]} 22. Bc1 {[%clk 0:41:16]} Re8
{[%clk 0:30:25]} 23. Be3 {[%clk 0:36:22]} a6 {[%clk 0:23:59]} 24. Kd2
{[%clk 0:36:11]} Nd8 {[%clk 0:22:02]} 25. c4 {[%clk 0:34:38]} Nc6
{[%clk 0:19:08]} 26. Rc1 {[%clk 0:27:58]} a5 {[%clk 0:07:56]} 27. Rc3
{[%clk 0:23:13]} Nb4 {[%clk 0:03:24]} 28. Bf4 {[%clk 0:23:03]} c6
{[%clk 0:01:33]} 29. c5 {[%clk 0:22:14]} bxc5 {[%clk 0:00:50]} 30. Rxc5
{[%clk 0:22:21]} Ra8 {[%clk 0:00:52]} 31. Kc3 {[%clk 0:22:10]} Na2+
{[%clk 0:01:03]} 32. Kb2 {[%clk 0:22:13]} Nb4 {[%clk 0:01:27]} 33. Kc3
{[%clk 0:22:21]} Na2+ {[%clk 0:01:40]} 34. Kb3 {[%clk 0:21:45]} Nb4
{[%clk 0:01:57]} 35. Kc3 1/2-1/2